Neuropsicología de la atención, las funciones ejecutivas y la memoria.

Salvato in:
Dettagli Bibliografici
Autore principale: Portellano Pérez, José Antonio (autor)
Altri autori: García Alba, Javier (autor)
Natura: Sconosciuto
Lingua:inglese
Pubblicazione: Madrid, España: Síntesis, 2014.
Soggetti:
Tags: Aggiungi Tag
Nessun Tag, puoi essere il primo ad aggiungerne!!

MARC

LEADER 00000 a2200000 4500
003 CL-VaPUC
005 20230629110934.0
008 220511b2014 ||||| |||| 00| 0 eng d
020 |a 978-84-907702-6-9 
040 |c Pontificia Universidad Católica de Valparaíso 
082 7 |a 612.8 POR 2014  |2 22 
100 |a Portellano Pérez, José Antonio  |9 598128  |e autor 
245 |a Neuropsicología de la atención, las funciones ejecutivas y la memoria. 
260 |a Madrid, España:  |b Síntesis,   |c 2014. 
300 |a 314 páginas  
583 |c 20220511 
650 |a Rehabilitación cognitiva   |9 869383 
650 |a Estimulación de la atención   |9 869384 
650 |a Funciones ejecutivas   |x Neuropsicología   |9 869385 
650 |a Patologías neuropsiquiátricas  |9 869386 
700 |a García Alba, Javier  |e autor  |9 868608 
942 |2 ddc  |c BK 
999 |c 435440  |d 435438 
952 |0 0  |1 0  |2 ddc  |4 0  |6 612_800000000000000_POR_2014  |7 0  |8 A  |9 582998  |a BIBEDU  |b BIBEDU  |c GEN  |d 2022-05-10  |e 74  |g 36563.00  |i 5651156  |l 6  |o 612.8 POR 2014  |p 5651156  |r 2025-04-02  |s 2025-03-26  |t 1  |v 36563.00  |w 2022-05-10  |y BK  |k EDI 
952 |0 0  |1 0  |2 ddc  |4 0  |6 612_800000000000000_POR_2014  |7 0  |8 A  |9 590620  |a BIBEDU  |b BIBEDU  |d 2023-06-29  |e 3  |g 33853.00  |i 5657839  |l 1  |o 612.8 POR 2014  |p 5657839  |r 2024-11-26  |s 2024-11-26  |t 3  |v 33853.00  |w 2023-06-29  |y BK  |k EDI 
952 |0 0  |1 0  |2 ddc  |4 0  |6 612_800000000000000_POR_2014  |7 0  |8 A  |9 590621  |a BIBEDU  |b BIBEDU  |d 2023-06-29  |e 3  |g 33853.00  |i 5657838  |o 612.8 POR 2014  |p 5657838  |r 2023-06-29  |t 2  |v 33853.00  |w 2023-06-29  |y BK  |k EDI